| 000 | 00432cam a2200169ua 4500 | ||
|---|---|---|---|
| 020 | _a0-521-47721-2 | ||
| 041 |
_aeng _h |
||
| 082 |
_a632.12 _bGLA/DR |
||
| 100 | _aGlantz, Michael H. | ||
| 245 |
_aDrought follows the plow / _cMichael H Glantz. _hTextual Documents |
||
| 250 |
_a1 / _b. |
||
| 260 |
_aCambridge : _bCambridge University Press , _c1994. |
||
| 300 | _a197 ; . | ||
| 504 | _a | ||
| 942 | _cBK | ||
| 999 |
_c7320 _d7320 |
||